[Event "Challenge"]
[Site "http://www.queenalice.com/game.php?id=1803931"]
[Date "2023.1.13"]
[Round "-"]
[White "Givanildo"]
[Black "Hendrik1"]
[Result "0-1"]
[WhiteElo "1615"]
[BlackElo "1765"]

1. d4 d5 2. Bf4 Nf6 3. h3 e6 4. e3 Bd6 5. Bb5+ c6 6. Ba4 Bxf4 7. exf4 Qd6 8. Qd2
Ne4 9. Qe3 Qb4+ 10. Nc3 Qxb2 11. Rb1 Qxc3+ 12. Qxc3 Nxc3 13. Rb4 a5 14. Bxc6+
Nxc6 15. Rb3 Ne4 16. Nf3 a4 17. Re3 Nb4 18. Re2 Nxa2 19. O-O Nac3 20. Ree1 b5
21. Re3 b4 22. Nh4 b3 23. cxb3 axb3 24. Rb1 Nxb1 25. Rxb3 Nbd2 26. Rd3 Ra1+ 27.
Kh2 Nf1+ 28. Kg1 Nfg3+ 29. Kh2 Rh1# 0-1

[Event "Challenge"]
[Site "http://www.queenalice.com/game.php?id=1803934"]
[Date "2023.1.14"]
[Round "-"]
[White "Carlos19"]
[Black "Hendrik1"]
[Result "0-1"]
[WhiteElo "1513"]
[BlackElo "1848"]

1. e4 e5 2. Nf3 Nf6 3. d3 Nc6 4. Nc3 d5 5. Bg5 d4 6. Nd5 Be6 7. Nxf6+ gxf6 8.
Bxf6 Qxf6 9. Qd2 Bb4 10. c3 Ba5 11. b4 dxc3 12. Qe3 Nxb4 13. Qc1 O-O-O 14. Ke2
Nxd3 15. Qc2 Bc4 16. Qb1 Nc1+ 17. Ke1 c2+ 18. Nd2 Bxd2# 0-1

[Event "Challenge"]
[Site "http://www.queenalice.com/game.php?id=1803935"]
[Date "2023.1.14"]
[Round "-"]
[White "crisvolei"]
[Black "Hendrik1"]
[Result "0-1"]
[WhiteElo "1630"]
[BlackElo "1500"]

1. e4 e5 2. Bc4 Nc6 3. Qf3 Nf6 4. c3 Bc5 5. g4 d5 6. Bxd5 O-O 7. h3 Nxd5 8. exd5
e4 9. Qg3 Qxd5 10. b4 Bd6 11. Qe3 f5 12. h4 Ne5 13. Qd4 Qxd4 14. cxd4 Nd3+ 15.
Ke2 Nxc1+ 16. Ke3 fxg4 17. Ne2 Rf3+ 18. Kxe4 Bd7 19. d5 Nxe2 20. Nc3 Bf5# 0-1

[Event "Challenge"]
[Site "http://www.queenalice.com/game.php?id=1803959"]
[Date "2023.1.15"]
[Round "-"]
[White "attib"]
[Black "Hendrik1"]
[Result "0-1"]
[WhiteElo "1756"]
[BlackElo "1865"]

1. d4 d5 2. Nf3 Nf6 3. e3 e6 4. c4 Nbd7 5. c5 c6 6. Qa4 e5 7. Nxe5 Nxe5 8. dxe5
Ne4 9. Nc3 Nxc5 10. Qc2 Qh4 11. Be2 Qg5 12. O-O Qxe5 13. Bd2 Bf5 14. Qc1 Bd6 15.
f4 Qf6 16. b4 Ne6 17. Bf3 O-O 18. e4 dxe4 19. Bxe4 Bxe4 20. Nxe4 Qd4+ 21. Nf2
Bxf4 22. Bxf4 Nxf4 23. Qc2 Qxb4 24. Rab1 Qe7 25. Rfe1 Ne6 26. Ne4 Rad8 27. Ng5
Qxg5 28. Rxb7 Rd2 0-1

[Event "Challenge2"]
[Site "http://www.queenalice.com/game.php?id=1803963"]
[Date "2023.1.15"]
[Round "-"]
[White "Givanildo"]
[Black "Hendrik1"]
[Result "1-0"]
[WhiteElo "1628"]
[BlackElo "2053"]

1. d4 d5 2. Bf4 Nf6 3. h3 Bf5 4. e3 e6 5. Bb5+ c6 6. Ba4 Qb6 7. c3 Qxb2 8. Nd2
Bd3 9. Ne2 Ba3 10. Rb1 Bxb1 11. Nxb1 Qxa2 12. O-O Be7 13. Bc2 Nbd7 14. Qd3 c5
15. Qd1 O-O 16. Nd2 Rac8 17. Bb1 Qb2 18. Bd3 a6 19. dxc5 Nxc5 20. Bc2 b5 21. Nd4
Qxc3 22. Be5 Qb4 23. N2b3 Nce4 24. Bh2 Bd6 25. Bxd6 Qxd6 26. Bd3 e5 27. Nf5 Qe6
28. Qf3 Rc3 29. Bxe4 dxe4 30. Nxg7 exf3 31. Nxe6 fxe6 32. Nd2 fxg2 33. Kxg2 Nd5
34. Ne4 Rc2 35. Kh1 Nxe3 36. Rg1+ Kh8 37. fxe3 Rf3 38. Ng5 Rxe3 39. Nf7# 1-0

[Event "Challenge"]
[Site "http://www.queenalice.com/game.php?id=1803978"]
[Date "2023.1.15"]
[Round "-"]
[White "chessman"]
[Black "Hendrik1"]
[Result "0-1"]
[WhiteElo "1856"]
[BlackElo "1923"]

1. e4 e5 2. Nf3 Nf6 3. Nxe5 Nc6 4. Nxc6 dxc6 5. d3 Bc5 6. Be2 Ng4 7. Bxg4 Qh4 8.
d4 Bxg4 9. Qd2 O-O-O 10. c3 Rhe8 11. O-O Bd6 12. h3 Bh5 13. Re1 Rxe4 14. Rxe4
Qxe4 15. Qe3 Qc2 16. Qd2 Re8 17. g4 Qg6 18. Qd1 f5 19. f3 fxg4 20. hxg4 Bxg4 21.
fxg4 Qe4 22. Na3 Rf8 23. Nc4 Bh2+ 0-1

[Event "Challenge"]
[Site "http://www.queenalice.com/game.php?id=1804063"]
[Date "2023.1.16"]
[Round "-"]
[White "Carlos19"]
[Black "Hendrik1"]
[Result "0-1"]
[WhiteElo "1569"]
[BlackElo "2029"]

1. e4 e5 2. Nf3 Nf6 3. Nc3 Nc6 4. Bc4 Nxe4 5. Nxe4 d5 6. Bb5 dxe4 7. Nxe5 Qg5 8.
Bxc6+ bxc6 9. Nxc6 Qxg2 10. Ke2 Ba6+ 11. d3 exd3+ 12. cxd3 Qxc6 13. Re1 O-O-O
14. a4 Bxd3+ 15. Ke3 Bc5+ 16. Kd2 Bb4+ 17. Ke3 Qe4# 0-1

[Event "Challenge"]
[Site "http://www.queenalice.com/game.php?id=1804100"]
[Date "2023.1.16"]
[Round "-"]
[White "Patrick_1977"]
[Black "Hendrik1"]
[Result "0-1"]
[WhiteElo "1779"]
[BlackElo "1978"]

1. e4 e5 2. Nf3 Nf6 3. Nc3 Nc6 4. Bc4 Bc5 5. O-O O-O 6. d3 d6 7. h3 Nd4 8. Bg5
h6 9. Bh4 c6 10. Re1 b5 11. Bb3 a5 12. a3 a4 13. Ba2 g5 14. Bg3 Nxf3+ 15. Qxf3
g4 16. hxg4 Bxg4 17. Qxg4+ Nxg4 18. Kf1 h5 19. f3 Ne3+ 20. Ke2 Nxc2 0-1

[Event "Challenge"]
[Site "http://www.queenalice.com/game.php?id=1804101"]
[Date "2023.1.16"]
[Round "-"]
[White "Hendrik1"]
[Black "Patrick_1977"]
[Result "1-0"]
[WhiteElo "2007"]
[BlackElo "1779"]

1. e4 e5 2. Bc4 Nf6 3. d3 Bc5 4. Nf3 d6 5. O-O c6 6. c3 b5 7. d4 exd4 8. cxd4
Bxd4 9. Bxf7+ Kxf7 10. Qxd4 Re8 11. Nc3 Bb7 12. Bf4 c5 13. Qd3 b4 14. Nb5 Nxe4
15. Nxd6+ Nxd6 16. Ng5+ Kf8 17. Bxd6+ Re7 18. Rad1 Nc6 19. Qf5+ Ke8 20. Bxe7
Qxe7 21. Rfe1 g6 22. Qf7# 1-0

[Event "Challenge"]
[Site "http://www.queenalice.com/game.php?id=1804104"]
[Date "2023.1.17"]
[Round "-"]
[White "Hendrik1"]
[Black "crisvolei"]
[Result "1-0"]
[WhiteElo "2053"]
[BlackElo "1587"]

1. e4 e5 2. Nf3 Qf6 3. Nc3 c6 4. d4 exd4 5. Bg5 Qd6 6. Nxd4 h6 7. Bh4 c5 8. Ndb5
Qc6 9. Bg3 Na6 10. Nd5 d6 11. Qe2 Be6 12. O-O-O Nf6 13. Bxd6 Rd8 14. Bxf8 Kxf8
15. Nxf6 Rxd1+ 16. Qxd1 gxf6 17. Qd6+ Qxd6 18. Nxd6 Nb4 19. Nxb7 Nxa2+ 20. Kb1
Nb4 21. Nxc5 Ba2+ 22. Ka1 Ke7 23. c3 Kd6 24. cxb4 Be6 25. Ba6 Bg4 26. h3 Bh5 27.
f3 Rb8 28. Nb7+ Ke5 29. b5 Kf4 30. Rc1 Kg3 31. Rc2 Bg6 32. Kb1 f5 33. Re2 fxe4
34. fxe4 f5 35. exf5 Bxf5+ 36. Ka2 Bg6 37. Nd6 Rb6 38. Nc8 Bf7+ 39. Ka3 Rb8 40.
Nxa7 Rd8 41. b6 Rd3+ 42. Bxd3 Bd5 43. Re5 Bb7 44. Be4 1-0

[Event "Challenge"]
[Site "http://www.queenalice.com/game.php?id=1804110"]
[Date "2023.1.17"]
[Round "-"]
[White "Hendrik1"]
[Black "chessman"]
[Result "1-0"]
[WhiteElo "2029"]
[BlackElo "1869"]

1. e4 e6 2. e5 d5 3. Nf3 c5 4. d4 cxd4 5. Qxd4 Nc6 6. Qf4 Qb6 7. Nc3 h6 8. Bb5
Ne7 9. O-O Ng6 10. Qg4 Bd7 11. Be3 Qc7 12. Rae1 a6 13. Bxc6 Bxc6 14. Nd4 Nxe5
15. Nxe6 fxe6 16. Qxe6+ Qe7 17. Qh3 Qf6 18. Bd4 Bd6 19. f4 1-0

[Event "Challenge"]
[Site "http://www.queenalice.com/game.php?id=1804276"]
[Date "2023.1.18"]
[Round "-"]
[White "jorm"]
[Black "Hendrik1"]
[Result "0-1"]
[WhiteElo "1866"]
[BlackElo "2057"]

1. e4 f5 2. exf5 Nf6 3. h3 e6 4. fxe6 d5 5. a3 Bd6 6. Qe2 O-O 7. d4 Kh8 8. Nc3
Bxe6 9. Be3 Nc6 10. g4 Na5 11. O-O-O a6 12. g5 Nd7 13. h4 Qe7 14. Nb1 Nc4 15.
Qd3 Bf5 16. Qc3 Nxe3 0-1

[Event "Challenge3"]
[Site "http://www.queenalice.com/game.php?id=1804325"]
[Date "2023.1.19"]
[Round "-"]
[White "Givanildo"]
[Black "Hendrik1"]
[Result "0-1"]
[WhiteElo "1707"]
[BlackElo "2053"]

1. d4 Nf6 2. h3 g6 3. Bf4 c5 4. e3 Qb6 5. Ne2 Qxb2 6. Nbc3 Qa3 7. Be5 cxd4 8.
Bxd4 Bg7 9. Nf4 Nc6 10. Bxf6 Bxf6 11. Nb5 Qb4+ 12. c3 Bxc3+ 13. Nxc3 Qxc3+ 14.
Ke2 h5 15. Rc1 Qa3 16. Nd5 Qxa2+ 17. Rc2 Qa5 18. f4 e6 19. Nf6+ Ke7 20. Ne4 d5
21. Ng5 f6 22. Nf3 e5 23. fxe5 fxe5 24. Kf2 e4 25. Nh4 Rh6 26. g3 Be6 27. Qb1
Rf8+ 28. Kg1 g5 29. Qxb7+ Bd7 30. Ng2 Qa1 31. Rf2 Rxf2 32. Kxf2 Rf6+ 33. Nf4 Qd1
34. Rg1 Qf3+ 35. Ke1 Qxe3+ 36. Ne2 Ne5 37. Qb4+ Kf7 38. Kd1 Qd3+ 39. Qd2 Ba4+
40. Ke1 Nf3+ 41. Kf2 Qxd2 42. g4 Nxg1+ 43. Kxg1 h4 44. Kh1 Rxf1+ 45. Ng1 Qe3 46.
Kh2 Qxg1# 0-1

[Event "Challenge"]
[Site "http://www.queenalice.com/game.php?id=1804391"]
[Date "2023.1.19"]
[Round "-"]
[White "Chuck_49"]
[Black "Hendrik1"]
[Result "0-1"]
[WhiteElo "1945"]
[BlackElo "2132"]

1. e4 e5 2. Nf3 Nf6 3. Bc4 Nxe4 4. Qe2 d5 5. O-O Bg4 6. d3 Nf6 7. Bb3 Nc6 8. h3
Bxf3 9. Qxf3 Nd4 10. Qe3 Bd6 11. c3 Nxb3 12. axb3 a6 13. Nd2 O-O 14. Nf3 e4 15.
dxe4 Nxe4 16. b4 c6 17. Nd4 Bc7 18. Nf3 f5 19. Qd3 g5 20. c4 g4 21. Nd4 Qd6 22.
f4 gxf3 23. Nxf3 Qxb4 24. cxd5 Rad8 25. Qa3 Qxa3 26. bxa3 Rxd5 27. Bh6 Rf6 28.
Be3 Rd3 29. Bg5 Rxf3 30. Bxf6 Rxf1+ 31. Rxf1 Bb6+ 32. Kh2 Nxf6 33. Rxf5 Bd4 34.
g4 b5 35. Kg2 Nd5 36. Rf3 c5 37. Kf1 a5 38. Ke2 b4 39. axb4 axb4 0-1

[Event "Challenge"]
[Site "http://www.queenalice.com/game.php?id=1805315"]
[Date "2023.2.2"]
[Round "-"]
[White "pomar"]
[Black "Hendrik1"]
[Result "0-1"]
[WhiteElo "1934"]
[BlackElo "2072"]

1. f3 e5 2. Kf2 d5 3. e3 Nc6 4. g3 Nf6 5. d4 Bd6 6. c4 exd4 7. exd4 dxc4 8. Bxc4
Bc5 9. Ne2 Bb6 10. Be3 O-O 11. a3 Be6 12. Bxe6 fxe6 13. Qb3 Ng4+ 14. Kg2 Qd5 15.
Qxd5 Nxe3+ 16. Kh3 exd5 17. Nbc3 Rf6 18. Nf4 Nxd4 19. Ncxd5 Rh6+ 0-1

[Event "Challenge"]
[Site "http://www.queenalice.com/game.php?id=1805381"]
[Date "2023.2.3"]
[Round "-"]
[White "mario48"]
[Black "Hendrik1"]
[Result "0-1"]
[WhiteElo "2107"]
[BlackElo "2163"]

1. e4 e5 2. Nf3 Nf6 3. Nxe5 Nc6 4. Nxc6 dxc6 5. e5 Nd5 6. d4 Qh4 7. Be2 Be7 8.
O-O Bf5 9. c3 O-O 10. Bd3 Bxd3 11. Qxd3 f6 12. exf6 Rxf6 13. Nd2 Nf4 14. Qc4+
Kh8 15. Nf3 Nh3+ 16. gxh3 Rxf3 17. Qe6 Bd6 18. Qg4 Rxh3 19. Qxh4 Rxh4 20. Be3
Rxh2 21. Rae1 Kg8 22. Bg5 Kf7 23. Re4 Re8 24. Rfe1 Rxe4 25. Rxe4 Rh5 26. Be3 Rb5
27. b4 Rf5 28. Rh4 h5 29. Kf1 Be7 30. Rh1 h4 31. Kg2 Ke6 32. Kh3 Kd5 33. Rg1 Rf7
34. Re1 Kc4 35. Rc1 a6 36. Kg4 g6 37. Kh3 Rf5 38. Rc2 a5 39. bxa5 Rxa5 40. Rb2
Rb5 41. Re2 Kxc3 42. Bd2+ Kd3 43. Rxe7 Kxd2 44. Kxh4 Kd3 0-1

[Event "Challenge"]
[Site "http://www.queenalice.com/game.php?id=1805383"]
[Date "2023.2.3"]
[Round "-"]
[White "Eggchaser"]
[Black "Hendrik1"]
[Result "0-1"]
[WhiteElo "2012"]
[BlackElo "2089"]

1. b4 Nf6 2. Bb2 e6 3. b5 a6 4. a4 axb5 5. axb5 Rxa1 6. Bxa1 d5 7. e3 Bd7 8. Nf3
c6 9. c4 dxc4 10. bxc6 Bxc6 11. Bxc4 b5 12. Be2 b4 13. d3 Nbd7 14. Nbd2 Be7 15.
O-O O-O 16. Qc2 Qa8 17. Bb2 Rc8 18. Ra1 Qb7 19. Bd4 Bxf3 0-1

[Event "Challenge"]
[Site "http://www.queenalice.com/game.php?id=1805385"]
[Date "2023.2.3"]
[Round "-"]
[White "FLeicher"]
[Black "Hendrik1"]
[Result "0-1"]
[WhiteElo "2015"]
[BlackElo "2162"]

1. e4 e5 2. Bc4 Nf6 3. Nf3 Nxe4 4. Nxe5 d5 5. Be2 Qg5 6. Ng4 Bxg4 7. Bxg4 Nf6 8.
Bf3 Qe5+ 9. Qe2 Nc6 10. Qxe5+ Nxe5 11. Be2 Bc5 12. d3 O-O-O 13. Bg5 Ned7 14. O-O
Rde8 15. Bf3 h6 16. Bxf6 Nxf6 17. c3 g5 18. Nd2 g4 19. Bd1 Bd6 20. g3 h5 21. f3
Reg8 22. f4 Re8 23. Kf2 h4 24. Rg1 Re7 25. Bb3 hxg3+ 26. Kf1 gxh2 27. Rh1 Bxf4
28. Rd1 Nh5 29. Kg2 Re2+ 0-1

[Event "Challenge"]
[Site "http://www.queenalice.com/game.php?id=1805525"]
[Date "2023.2.4"]
[Round "-"]
[White "Vin100"]
[Black "Hendrik1"]
[Result "0-1"]
[WhiteElo "1785"]
[BlackElo "2162"]

1. e4 e5 2. Nf3 Nf6 3. d3 Nc6 4. c3 d5 5. Be2 dxe4 6. dxe4 Qxd1+ 7. Bxd1 Nxe4 8.
Nbd2 Nd6 9. O-O f6 10. Ba4 Bd7 11. b4 b5 12. Bc2 a5 13. Ba3 Nf7 0-1

[Event "Challenge"]
[Site "http://www.queenalice.com/game.php?id=1805623"]
[Date "2023.2.5"]
[Round "-"]
[White "ATeixeira"]
[Black "Hendrik1"]
[Result "0-1"]
[WhiteElo "2099"]
[BlackElo "2109"]

1. Nf3 Nf6 2. g3 d5 3. Bg2 Bf5 4. d3 c6 5. c3 Nbd7 6. Nbd2 e5 7. Nh4 Be6 8. e4
Nc5 9. Qc2 dxe4 10. dxe4 Qd3 11. Qxd3 Nxd3+ 12. Ke2 O-O-O 13. h3 Bc5 14. Rf1 Rd7
15. b3 Re8 16. Nb1 Bxf2 17. Be3 Bxg3 18. Nf5 Nh5 19. Nd2 Ndf4+ 20. Kf3 Bxf5 21.
exf5 e4+ 22. Nxe4 Nxg2 0-1

[Event "Challenge"]
[Site "http://www.queenalice.com/game.php?id=1805638"]
[Date "2023.2.6"]
[Round "-"]
[White "Hendrik1"]
[Black "ATeixeira"]
[Result "1-0"]
[WhiteElo "2144"]
[BlackElo "2099"]

1. e4 c5 2. Nf3 Nf6 3. Nc3 d5 4. exd5 Nxd5 5. Bb5+ Bd7 6. Ne5 Bxb5 7. Qf3 Nf6 8.
Qxb7 Bc6 9. Nxc6 Nxc6 10. Qxc6+ Nd7 11. Nb5 Rc8 12. Qa6 Rb8 13. a4 g6 14. Qxa7
Bg7 15. O-O O-O 16. d3 e6 17. Ra2 Nb6 18. b3 Qh4 19. Bd2 f5 20. Re1 e5 21. a5
Nd5 22. Qxc5 Nf6 23. h3 e4 24. Qc4+ Kh8 25. Nd6 h6 26. a6 f4 27. dxe4 Nd7 28. a7
Ra8 29. e5 Qe7 30. e6 Nb6 31. Qc6 1-0

[Event "Challenge"]
[Site "http://www.queenalice.com/game.php?id=1805736"]
[Date "2023.2.7"]
[Round "-"]
[White "marcomasa"]
[Black "Hendrik1"]
[Result "0-1"]
[WhiteElo "2048"]
[BlackElo "2174"]

1. e4 e5 2. Nf3 Nf6 3. Nxe5 Nc6 4. Nxc6 dxc6 5. e5 Nd5 6. d4 c5 7. Be2 Bf5 8.
Na3 Qh4 9. c4 Nb4 10. d5 Qe4 11. O-O Qxe5 12. Re1 O-O-O 13. Nb5 Bd6 14. f4 Qf6
15. g4 Qg6 16. Kf1 Be4 17. Qb3 Kb8 18. f5 Qf6 19. Bf3 Bd3+ 20. Be2 Rde8 21. Bd2
Qh4 22. Nxd6 Bxe2+ 23. Rxe2 Rxe2 24. Kxe2 Qxh2+ 25. Kf1 cxd6 26. Rd1 h5 27. gxh5
Qh1+ 28. Kf2 Qh4+ 29. Kf1 Qg4 30. h6 Nd3 31. Qxd3 Qxd1+ 32. Kf2 Rxh6 33. Qe3
Rh2+ 34. Kg3 Re2 35. Qg5 Qg1+ 36. Kf3 Qf1+ 37. Kg3 Rg2+ 0-1